Normal view
MARC view
- Hamid Ali
Entry Personal Name
001 - CONTROL NUMBER
- control field: 20236
003 - CONTROL NUMBER IDENTIFIER
- control field: NUST
005 - DATE AND TIME OF LATEST TRANSACTION
- control field: 20190912071550.0
008 - FIXED-LENGTH DATA ELEMENTS
- fixed length control field: 190912|| aca||aabn | a|a d
040 ## - CATALOGING SOURCE
- Original cataloging agency: NUST
- Transcribing agency: NUST
100 ## - HEADING--PERSONAL NAME
- Personal name: Hamid Ali
670 ## - SOURCE DATA FOUND
- Source citation: Work cat.: (NUST): Hamid Ali, The West Pakistan building and roads, 1998
